Introducción al trabajo social

Saved in:
Bibliografiske detaljer
Main Authors: Fernández García, Tomás (Author), Alemán Bracho, Carmen (Author)
Format: Bog
Sprog:spansk
Udgivet: Madrid Alianza 2003
Udgivelse:1a. ed
Serier:Ciencias Sociales
Fag:
Tags: Tilføj Tag
Ingen Tags, Vær først til at tagge denne postø!

MARC

LEADER 00000nam a2200000 a 4500
001 UCH1588
003 CL-VaPUC
008 090430e20030000SP |||||||||||||||||spa|d
020 |a 9788420643212 
082 0 4 |a 361.3  |b FER  |2 21 
100 0 |a Fernández García, Tomás  |e author  |9 536078 
700 0 |a Alemán Bracho, Carmen  |e author  |9 536079 
245 1 0 |a Introducción al trabajo social 
250 |a 1a. ed 
300 |a 596 p 
942 |c BK 
945 |d 20090430 00:00:00  |a rbrito 
260 |a Madrid  |b Alianza  |c 2003 
650 0 |a Trabajo social   |9 307856 
650 0 |a Ciencias sociales   |9 256351 
650 0 |a Investigación social   |9 307814 
650 0 |a Formación profesional   |9 257232 
650 0 |a Práctica profesional  |9 358078 
583 |a last modification  |c 20090430 00:00:00  |k Rodrigo Vera 
490 0 |a Ciencias Sociales 
999 |c 333562  |d 333560 
952 |0 0  |1 0  |4 0  |6 361_300000000000000_FER_2003  |7 0  |8 R  |9 422069  |a BIBGIM  |b BIBGIM  |d 2019-11-22  |i 4545265  |l 2  |o 361.3 FER 2003  |p 4545265  |r 2025-01-15  |s 2022-04-28  |w 2019-11-22  |y BK_R  |k SSL